000 00434nam a2200157 i 4500
001 88028
003 ES-MaACL
005 20230906175804.0
007 t|
008 041230s1924 fr ||||1| fre d
100 1 _aLafont, Jean.
_969504
245 1 4 _aLes idees economiques de Jurgot /
_cpar Jean Lafont.
260 _aBordeaux :
_b[s.n.,
_c1912] (
_fImp. de l'Université)
300 _a214 p. ;
_c29 cm.
852 _aES-MaACL
_jF-8969
999 _c88028
_d88028